000 00294nam a2200121Ia 4500
008 240731s9999 xx 000 0 und d
022 _a2155-1278
245 0 _aScientist and Citizen
260 _bRoutledge
856 _uhttps://www.tandfonline.com/loi/vzsc20
942 _2ddc
942 _cTFEJ
999 _c79356
_d79356
945 _a1
_bMadushi Gamage
_c1
_dMadushi Gamage